The effect of breathing facades on enhancing ventilation to improve indoor air quality / (رقم التسجيلة. 180096)
[ عرض عادي ]
| 000 -LEADER | |
|---|---|
| fixed length control field | 04193namaa22004211i 4500 |
| 003 - CONTROL NUMBER IDENTIFIER | |
| control field | EG-GICUC |
| 005 - أخر تعامل مع التسجيلة | |
| control field | 20260511115215.0 |
| 008 - FIXED-LENGTH DATA ELEMENTS--GENERAL INFORMATION | |
| fixed length control field | 260511s2025 ua a|||frm||| 000 0 eng d |
| 040 ## - CATALOGING SOURCE | |
| Original cataloguing agency | EG-GICUC |
| Language of cataloging | eng |
| Transcribing agency | EG-GICUC |
| Modifying agency | EG-GICUC |
| Description conventions | rda |
| 041 0# - LANGUAGE CODE | |
| Language code of text/sound track or separate title | eng |
| Language code of summary or abstract | eng |
| -- | ara |
| 049 ## - Acquisition Source | |
| Acquisition Source | Deposit |
| 082 04 - DEWEY DECIMAL CLASSIFICATION NUMBER | |
| Classification number | 721.03 |
| 092 ## - LOCALLY ASSIGNED DEWEY CALL NUMBER (OCLC) | |
| Classification number | 721.03 |
| Edition number | 21 |
| 097 ## - Degree | |
| Degree | Ph.D |
| 099 ## - LOCAL FREE-TEXT CALL NUMBER (OCLC) | |
| Local Call Number | Cai01.13.02.Ph.D.2025.Eh.E |
| 100 0# - MAIN ENTRY--PERSONAL NAME | |
| Authority record control number or standard number | Ehsan Mostafa Kamal Ali Mohamed, |
| Preparation | preparation. |
| 245 14 - TITLE STATEMENT | |
| Title | The effect of breathing facades on enhancing ventilation to improve indoor air quality / |
| Statement of responsibility, etc. | by Ehsan Mostafa Kamal Ali Mohamed ; Supervisors Prof. Dr. Hesham Sameh Hussein. |
| 246 15 - VARYING FORM OF TITLE | |
| Title proper/short title | تأثير الواجهات المتنفسة على تحسين التهوية لرفع جودة الهواء الداخلي |
| 264 #0 - PRODUCTION, PUBLICATION, DISTRIBUTION, MANUFACTURE, AND COPYRIGHT NOTICE | |
| Date of production, publication, distribution, manufacture, or copyright notice | 2025. |
| 300 ## - PHYSICAL DESCRIPTION | |
| Extent | 188 pages : |
| Other physical details | illustrations ; |
| Dimensions | 30 cm. + |
| Accompanying material | CD. |
| 336 ## - CONTENT TYPE | |
| Content type term | text |
| Source | rda content |
| 337 ## - MEDIA TYPE | |
| Media type term | Unmediated |
| Source | rdamedia |
| 338 ## - CARRIER TYPE | |
| Carrier type term | volume |
| Source | rdacarrier |
| 502 ## - DISSERTATION NOTE | |
| Dissertation note | Thesis (Ph.D)-Cairo University, 2025. |
| 504 ## - BIBLIOGRAPHY, ETC. NOTE | |
| Bibliography, etc. note | Bibliography: pages 172-179. |
| 520 #3 - SUMMARY, ETC. | |
| Summary, etc. | This study investigates breathing facades as a modern architectural strategy aimed at improving natural ventilation and indoor air quality. It adopts a mixed-method approach that integrates qualitative and quantitative analyses with digital simulation to establish a comprehensive and practical design framework. The qualitative phase explores international case studies using inductive and comparative methods to identify best practices and design trends, while the quantitative phase analyzes 42 facade models through descriptive statistics to evaluate performance efficiency. Results from digital simulations confirm that optimized breathing facade designs significantly reduce indoor carbon dioxide accumulation, thus enhancing ventilation to improve indoor air quality. The study concludes by presenting an integrated design framework that promotes sustainability, enhances environmental performance, and supports the creation of healthier built environments in contemporary architecture |
| 520 #3 - SUMMARY, ETC. | |
| Summary, etc. | تبحث هذه الدراسة في الواجهات المتنفسة باعتبارها نهجًا معماريًا معاصرًا يهدف إلى تحسين التهوية الطبيعية وجودة الهواء الداخلي. اعتمدت الدراسة على منهج مختلط يجمع بين التحليلين الكيفي والكمي مع المحاكاة الرقمية، لتطوير إطار تصميمي شامل وعملي. تناولت المرحلة الكيفية دراسة حالات عالمية باستخدام الأسلوبين الاستقرائي والمقارن بهدف تحديد أفضل الممارسات واتجاهات التصميم، بينما شملت المرحلة الكمية تحليل 42 نموذجًا لواجهات باستخدام الإحصاء الوصفي لتقييم كفاءة الأداء. وأكدت نتائج المحاكاة الرقمية أن التصميم الأمثل للواجهات المتنفسة يقلل من تراكم ثاني أكسيد الكربون داخل المباني، مما يحسن التهوية ويرفع جودة الهواء الداخلى. واختُتمت الدراسة بتقديم إطار تصميم متكامل يعزز الاستدامة ويرفع الأداء البيئي ويدعم إنشاء بيئات معيشية صحية في العمارة الحديثة |
| 530 ## - ADDITIONAL PHYSICAL FORM AVAILABLE NOTE | |
| Issues CD | Issues also as CD. |
| 546 ## - LANGUAGE NOTE | |
| Text Language | Text in English and abstract in Arabic & English. |
| 650 #0 - SUBJECT ADDED ENTRY--TOPICAL TERM | |
| Topical term or geographic name entry element | Architectural Engineering |
| 650 #0 - SUBJECT ADDED ENTRY--TOPICAL TERM | |
| Topical term or geographic name entry element | الهندسة المعمارية |
| 653 #1 - INDEX TERM--UNCONTROLLED | |
| Uncontrolled term | Breathing façades |
| -- | Natural ventilation |
| -- | Environmental Simulation |
| -- | Adaptive design |
| -- | Indoor air quality |
| -- | الواجهات المتنفسة |
| -- | التهوية الطبيعية |
| 700 0# - ADDED ENTRY--PERSONAL NAME | |
| Personal name | Hesham Sameh Hussein |
| Relator term | thesis advisor. |
| 900 ## - Thesis Information | |
| Grant date | 01-01-2025 |
| Supervisory body | Hesham Sameh Hussein |
| Discussion body | Tarek Ibrahim Nasr El-Din |
| -- | Henar Aboelmagd Kalefa |
| Universities | Cairo University |
| Faculties | Faculty of Engineering |
| Department | Department of Architectural Engineering |
| 905 ## - Cataloger and Reviser Names | |
| Cataloger Name | Shimaa |
| 942 ## - ADDED ENTRY ELEMENTS (KOHA) | |
| Source of classification or shelving scheme | Dewey Decimal Classification |
| Koha item type | Thesis |
| Edition | 21 |
| Suppress in OPAC | No |
| Source of classification or shelving scheme | Home library | Current library | Date acquired | Inventory number | Full call number | Barcode | Date last seen | Effective from | Koha item type |
|---|---|---|---|---|---|---|---|---|---|
| Dewey Decimal Classification | المكتبة المركزبة الجديدة - جامعة القاهرة | قاعة الرسائل الجامعية - الدور الاول | 11.05.2026 | 94005 | Cai01.13.02.Ph.D.2025.Eh.E | 01010110094005000 | 11.05.2026 | 11.05.2026 | Thesis |